000 00618nam a22001937a 4500
003 OSt
005 20251127144832.0
008 251127b |||||||| |||| 00| 0 eng d
020 _a978-0-470-03143-8.
040 _aDWCL-Main lib
_cOC
082 _aCirc. 629.89 M924d 2007
100 _aMoudgalya, Kannan M.
245 _aDigital Control
_cMoudgalya, Kannan M.
260 _aEngland :
_bJohn Wiley & Sons, Ltd.,
_cc2007.
300 _axxiv, 543 pages :
_billustration ;
_c25 cm.
504 _aIncludes bibliographical references and index.
650 _21. Digital control systems.
942 _2ddc
_cBK-CIRC
_kCirc.
_n0
999 _c6487
_d6487